Na ostrov smrti. P. Damián de Veuster (Record no. 20750)
[ view plain ]
| 000 -LEADER | |
|---|---|
| fixed length control field | 01289nam a2200361 a 4500 |
| 001 - CONTROL NUMBER | |
| control field | 20750 |
| 003 - CONTROL NUMBER IDENTIFIER | |
| control field | VRT |
| 005 - DATE AND TIME OF LATEST TRANSACTION | |
| control field | 20260131110218.0 |
| 008 - FIXED-LENGTH DATA ELEMENTS--GENERAL INFORMATION | |
| fixed length control field | 250414s1990 xo 0 slo |
| 015 ## - NATIONAL BIBLIOGRAPHY NUMBER | |
| National bibliography number | SNBA1991/01 |
| 020 ## - INTERNATIONAL STANDARD BOOK NUMBER | |
| International Standard Book Number | 8085198290 |
| 035 ## - SYSTEM CONTROL NUMBER | |
| System control number | SNK000006066 |
| 039 #9 - LEVEL OF BIBLIOGRAPHIC CONTROL AND CODING DETAIL [OBSOLETE] | |
| Level of rules in bibliographic description | 202504141419 |
| Level of effort used to assign nonsubject heading access points | VLOAD |
| Level of effort used to assign subject headings | 202403141524 |
| Level of effort used to assign classification | VLOAD |
| Level of effort used to assign subject headings | 202310171713 |
| Level of effort used to assign classification | AUTHORITY |
| Level of effort used to assign subject headings | 202310171655 |
| Level of effort used to assign classification | AUTHORITY |
| 040 ## - CATALOGING SOURCE | |
| Original cataloging agency | SNK |
| Language of cataloging | slo |
| Transcribing agency | SNK |
| Description conventions | AACR2 |
| 041 0# - LANGUAGE CODE | |
| Language code of text/sound track or separate title | xo |
| 044 ## - COUNTRY OF PUBLISHING/PRODUCING ENTITY CODE | |
| MARC country code | xo |
| ISO country code | SK |
| 080 ## - UNIVERSAL DECIMAL CLASSIFICATION NUMBER | |
| Universal Decimal Classification number | 830-3 |
| Edition identifier | 1981 |
| 080 ## - UNIVERSAL DECIMAL CLASSIFICATION NUMBER | |
| Universal Decimal Classification number | 929 Damien |
| Edition identifier | 1981 |
| 100 1# - MAIN ENTRY--PERSONAL NAME | |
| Personal name | Hünermann, Wilhelm, |
| Dates associated with a name | 1900-1975 |
| Relationship | aut |
| 245 10 - TITLE STATEMENT | |
| Title | Na ostrov smrti. P. Damián de Veuster |
| Statement of responsibility, etc. | Wilhelm Hünermann ; Štefan Dian, Andrej Pauliny |
| 250 ## - EDITION STATEMENT | |
| Edition statement | 1. vyd. |
| 260 ## - PUBLICATION, DISTRIBUTION, ETC. | |
| Place of publication, distribution, etc. | Bratislava |
| Name of publisher, distributor, etc. | Ikar |
| Place of publication, distribution, etc. | S.l. |
| Name of publisher, distributor, etc. | Spolok sv. Vojtecha v Trnave [vyd.] |
| Date of publication, distribution, etc. | 1990 |
| Place of manufacture | Banská Bystrica |
| Manufacturer | Tlačiarne SNP |
| 300 ## - PHYSICAL DESCRIPTION | |
| Extent | 350 s. |
| Dimensions | 17 cm |
| 366 ## - TRADE AVAILABILITY INFORMATION | |
| Note | 33 Kčs. |
| 500 ## - GENERAL NOTE | |
| General note | Spoluvyd. Slov. ústav sv. Cyrila a Metoda v Ríme. Záujmový náklad. |
| 700 1# - ADDED ENTRY--PERSONAL NAME | |
| Personal name | Dian, Štefan |
| Relationship | trl |
| 700 1# - ADDED ENTRY--PERSONAL NAME | |
| Personal name | Pauliny, Andrej, |
| Dates associated with a name | 1925-2005 |
| Relationship | bkd |
| 942 ## - ADDED ENTRY ELEMENTS (KOHA) | |
| Source of classification or shelving scheme | Dewey Decimal Classification |
| Koha item type | Krásna literatúra pre dospelých |
| Suppress in OPAC | No |
| 949 ## - LOCAL PROCESSING INFORMATION (OCLC) | |
| 6 | 17A0159750 |
| 9 | P60, <04>, [BOOK], {604} |
| a | snkSD 62709 D1 |
| 949 ## - LOCAL PROCESSING INFORMATION (OCLC) | |
| 6 | 17A0267550 |
| 9 | P60, <04>, [BOOK], {604} |
| a | snkSD 62709 D2 |
| Stav vyradenia | Strata | Poškodenie | Spôsob nadobudnutia | Domovská knižnica | Aktuálna knižnica | Dátum nadobudnutia | Total checkouts | Čiarový kód exemplára | Date last seen | Typ exemplára |
|---|---|---|---|---|---|---|---|---|---|---|
| Dar | Obecná knižnica Horná Štubňa | Obecná knižnica Horná Štubňa | 31.01.2026 | 4736200900 | 31.01.2026 | Krásna literatúra pre dospelých |
